Thiết kế bài giảng hoá học trung học cơ sở 8
Enregistré dans:
| Auteur principal: | |
|---|---|
| Format: | Livre |
| Langue: | Undetermined |
| Publié: |
Hà Nội
Nhà xuất bản Hà Nội
2005
|
| Sujets: | |
| Tags: |
Ajouter un tag
Pas de tags, Soyez le premier à ajouter un tag!
|
| Thư viện lưu trữ: | Trung tâm Học liệu Trường Đại học Cần Thơ |
|---|
| LEADER | 00639nam a2200205Ia 4500 | ||
|---|---|---|---|
| 001 | CTU_124483 | ||
| 008 | 210402s9999 xx 000 0 und d | ||
| 020 | |c 20000 | ||
| 082 | |a 540.07 | ||
| 082 | |b Gi101/T.2 | ||
| 100 | |a Cao, Cự Giác | ||
| 245 | 0 | |a Thiết kế bài giảng hoá học trung học cơ sở 8 | |
| 245 | 0 | |c Cao Cự Giác (chủ biên), Vũ Minh Hà | |
| 260 | |a Hà Nội | ||
| 260 | |b Nhà xuất bản Hà Nội | ||
| 260 | |c 2005 | ||
| 650 | |a Chemistry | ||
| 650 | |x Study and teahcing (secondary) | ||
| 904 | |i Hiếu | ||
| 980 | |a Trung tâm Học liệu Trường Đại học Cần Thơ | ||